[Event "Frankfurt-chB"]
[White "Blank, Martina"]
[Black "Fredershausen, Kurt"]
[Site "Frankfurt"]
[Round "4"]
[Result "1-0"]
[Date "2016.05.23"]
[WhiteElo "955"]
[BlackElo "1023"]
[PlyCount "43"]
[EventDate "2016.04.25"]
[EventType "swiss"]
[EventRounds "9"]
[EventCountry "GER"]
[SourceTitle "EXT 2018"]
[Source "ChessBase"]
[SourceDate "2017.10.13"]
[SourceVersion "1"]
[SourceVersionDate "2017.10.13"]
[SourceQuality "1"]

1. e4 c6 2. d4 d5 3. Nc3 Nf6 4. exd5 cxd5 5. Nf3 Nc6 6. Bb5 Bd7 7. 0-0 e6 8. Re1 a6 9. Bxc6 Bxc6 10. Ne5 Bd6 11. Bf4 Bc7 12. Ne2 Bb5 13. Ng3 h6 14. Qf3 0-0 15. Nh5 g5 16. Bd2 Ne4 17. Bb4 Bd6 18. Bxd6 Qxd6 19. Rxe4 dxe4 20. Qf6 Qxe5 21. dxe5 Rfd8 22. Qg7# 1-0

[Event "Frankfurt-chB"]
[White "Mook, Karl Juergen"]
[Black "Blank, Martina"]
[Site "Frankfurt"]
[Round "1"]
[Result "1-0"]
[Date "2016.04.25"]
[WhiteElo "1329"]
[BlackElo "955"]
[PlyCount "73"]
[EventDate "2016.04.25"]
[EventType "swiss"]
[EventRounds "9"]
[EventCountry "GER"]
[SourceTitle "EXT 2018"]
[Source "ChessBase"]
[SourceDate "2017.10.13"]
[SourceVersion "1"]
[SourceVersionDate "2017.10.13"]
[SourceQuality "1"]

1. e4 Nc6 2. Nf3 e5 3. Be2 Nf6 4. d4 exd4 5. e5 Ng4 6. 0-0 Bc5 7. Bf4 d6 8. Bb5 dxe5 9. Nxe5 Ngxe5 10. Bxe5 0-0 11. Bxc6 bxc6 12. Nd2 f6 13. Nb3 fxe5 14. Nxc5 Rf6 15. Qe2 Qd5 16. b4 Rg6 17. f3 Bh3 18. Rf2 Rf8 19. Kh1 Bc8 20. a3 h5 21. Raf1 h4 22. Qe4 Qxe4 23. fxe4 Rxf2 24. Rxf2 Rg4 25. Rf3 g5 26. h3 Rf4 27. Kh2 g4 28. hxg4 Bxg4 29. Rxf4 exf4 30. e5 Kf8 31. Nd3 Bf5 32. Nxf4 Bxc2 33. Ne6+ Ke7 34. Nxd4 Ba4 35. Kh3 c5 36. bxc5 Bc6 37. Nxc6+ 1-0

[Event "Frankfurt-chB"]
[White "Soest, Oliver"]
[Black "Blank, Martina"]
[Site "Frankfurt"]
[Round "5"]
[Result "0-1"]
[Date "2014.05.26"]
[WhiteElo "1071"]
[BlackElo "891"]
[PlyCount "38"]
[EventDate "2014.04.28"]
[EventType "swiss"]
[EventRounds "7"]
[EventCountry "GER"]
[SourceTitle "EXT 2015"]
[Source "ChessBase"]
[SourceDate "2014.11.20"]
[SourceVersion "1"]
[SourceVersionDate "2014.11.20"]
[SourceQuality "1"]

1. e4 e6 2. d4 d5 3. e5 c5 4. Nf3 Nc6 5. Be2 cxd4 6. Nxd4 Nxe5 7. Nc3 Nf6 8. h3 Bc5 9. Be3 0-0 10. Nxe6 Bxe6 11. Bxc5 Re8 12. Bd4 Bf5 13. g4 Be4 14. Rg1 Nf3+ 15. Kf1 Nxg1 16. Kxg1 Qd6 17. f3 Qg3+ 18. Kf1 Qxh3+ 19. Ke1 Bxf3 0-1

[Event "Frankfurt-chB"]
[White "Hirth, Heinrich"]
[Black "Blank, Martina"]
[Site "Frankfurt"]
[Round "6"]
[Result "0-1"]
[Date "2012.06.11"]
[WhiteElo "1081"]
[BlackElo "821"]
[PlyCount "56"]
[EventDate "2012.04.30"]
[EventType "swiss"]
[EventRounds "7"]
[EventCountry "GER"]
[SourceTitle "EXT 2013"]
[Source "ChessBase"]
[SourceDate "2012.11.22"]
[SourceVersion "1"]
[SourceVersionDate "2012.11.22"]
[SourceQuality "1"]

1. c4 e5 2. e4 Nc6 3. a3 Bc5 4. Nf3 Nge7 5. b4 Bd4 6. Ra2 f5 7. d3 0-0 8. Bb2 d6 9. h3 Ng6 10. Qd2 a6 11. Bxd4 Nxd4 12. Nxd4 exd4 13. f3 Qh4+ 14. Qf2 Qf4 15. Nd2 Bd7 16. Qxd4 Kh8 17. Qf2 Bc6 18. g3 Qe5 19. d4 Qe7 20. d5 Ba4 21. Qd4 fxe4 22. fxe4 Ne5 23. Bg2 c5 24. Qc3 Rf7 25. Rf1 Raf8 26. Rxf7 Qxf7 27. Qe3 Nd3+ 28. Ke2 Nc1+ 0-1

[Event "Rhein Main op-B 15th"]
[White "Happel, Juergen"]
[Black "Blank, Martina"]
[Site "Bad Homburg"]
[Round "3"]
[Result "1-0"]
[Date "2012.06.07"]
[WhiteElo "1550"]
[BlackElo "821"]
[PlyCount "87"]
[EventDate "2012.06.06"]
[EventType "swiss"]
[EventRounds "7"]
[EventCountry "GER"]
[SourceTitle "EXT 2013"]
[Source "ChessBase"]
[SourceDate "2012.11.22"]
[SourceVersion "1"]
[SourceVersionDate "2012.11.22"]
[SourceQuality "1"]

1. d4 Nf6 2. c4 e6 3. Nc3 Bb4 4. Bd2 Bxc3 5. Bxc3 d5 6. e3 0-0 7. Nf3 Nbd7 8. Be2 b6 9. b4 Bb7 10. c5 a5 11. cxb6 cxb6 12. 0-0 Qc7 13. Qb3 Ne4 14. Rfc1 a4 15. Qa3 Qd6 16. Be1 Bc6 17. Qb2 b5 18. a3 Nb6 19. Ne5 Nc4 20. Nxc4 dxc4 21. Bf3 Rac8 22. Qc2 f5 23. Qe2 f4 24. Qc2 fxe3 25. Bxe4 exf2+ 26. Bxf2 Bxe4 27. Qxe4 Rf4 28. Qe5 Qxe5 29. dxe5 Rf5 30. Bg3 c3 31. Rc2 Kf8 32. Rf1 Ke7 33. Rxf5 exf5 34. Be1 f4 35. Rxc3 Rxc3 36. Bxc3 g5 37. Kf2 g4 38. Bd2 Ke6 39. Bxf4 Kf5 40. Ke3 h5 41. g3 Ke6 42. Kd4 Kd7 43. Kd5 Kc7 44. Kc5 1-0

[Event "Frankfurt-chB"]
[White "Blank, Martina"]
[Black "Duemmler, Rolf"]
[Site "Frankfurt"]
[Round "5"]
[Result "0-1"]
[Date "2012.06.04"]
[WhiteElo "821"]
[BlackElo "1438"]
[PlyCount "78"]
[EventDate "2012.04.30"]
[EventType "swiss"]
[EventRounds "7"]
[EventCountry "GER"]
[SourceTitle "EXT 2013"]
[Source "ChessBase"]
[SourceDate "2012.11.22"]
[SourceVersion "1"]
[SourceVersionDate "2012.11.22"]
[SourceQuality "1"]

1. e4 e5 2. Nf3 Nc6 3. Bb5 a6 4. Ba4 Nf6 5. 0-0 b5 6. Bb3 Be7 7. Re1 0-0 8. c3 d6 9. h3 Bb7 10. d4 Na5 11. Bc2 exd4 12. cxd4 Nc6 13. Nbd2 Ne8 14. Nf1 Bf6 15. Ng3 g6 16. Be3 Bg7 17. Qd2 Nf6 18. Bh6 Ne7 19. Bxg7 Kxg7 20. Nh2 Qd7 21. f3 c5 22. d5 Bc8 23. Ng4 Nxg4 24. hxg4 h6 25. Kf2 Qa7 26. Rh1 g5 27. Rh5 Ng6 28. Nf5+ Bxf5 29. exf5 Nf4 30. Qc3+ f6 31. Rah1 Nxh5 32. Rxh5 Rae8 33. f4 c4+ 34. Kf3 gxf4 35. Kxf4 Qf2+ 36. Qf3 Qd2+ 37. Kg3 Re3 38. g5 Rxf3+ 39. Kxf3 fxg5 0-1

[Event "Frankfurt-chB"]
[White "Krueger, Manfred"]
[Black "Blank, Martina"]
[Site "Frankfurt"]
[Round "1"]
[Result "1-0"]
[Date "2012.04.30"]
[WhiteElo "1645"]
[BlackElo "821"]
[PlyCount "58"]
[EventDate "2012.04.30"]
[EventType "swiss"]
[EventRounds "7"]
[EventCountry "GER"]
[SourceTitle "EXT 2013"]
[Source "ChessBase"]
[SourceDate "2012.11.22"]
[SourceVersion "1"]
[SourceVersionDate "2012.11.22"]
[SourceQuality "1"]

1. d4 d5 2. Nf3 Nf6 3. Nc3 Nc6 4. e3 Bg4 5. Be2 e6 6. a3 Bd6 7. h3 Bh5 8. g4 Bg6 9. Nh4 Be4 10. Rg1 Bh2 11. Rf1 Nd7 12. Nf3 Bxf3 13. Bxf3 Qh4 14. Bg2 Nf6 15. Qf3 0-0-0 16. Rh1 Bd6 17. Bd2 Ne4 18. Nxe4 dxe4 19. Qxe4 Rhe8 20. b4 f5 21. Qf3 Qf6 22. b5 Nxd4 23. Qxb7+ Kd7 24. exd4 Qxd4 25. Qc6+ Kc8 26. Rd1 Qe5+ 27. Kf1 Bc5 28. Qb7+ Kd7 29. Bc3+ Ke7 1-0

[Event "Rhein Main op-B 14th"]
[White "Blank, Martina"]
[Black "Lochmann, Tobias"]
[Site "Bad Homburg"]
[Round "7"]
[Result "1-0"]
[Date "2011.06.26"]
[WhiteElo "802"]
[BlackElo "744"]
[PlyCount "53"]
[EventDate "2011.06.22"]
[EventType "swiss"]
[EventRounds "7"]
[EventCountry "GER"]
[SourceTitle "EXT 2012"]
[Source "ChessBase"]
[SourceDate "2011.11.24"]
[SourceVersion "1"]
[SourceVersionDate "2011.11.24"]
[SourceQuality "1"]

1. d4 Nc6 2. d5 Ne5 3. e4 Nf6 4. Nc3 e6 5. f4 Ng6 6. Bc4 Bb4 7. Bd2 e5 8. Nf3 d6 9. Na4 Bc5 10. Nxc5 dxc5 11. Qe2 Nxf4 12. Bxf4 exf4 13. e5 Ng4 14. e6 0-0 15. e7 Qe8 16. exf8Q+ Qxf8 17. 0-0 Qd8 18. Qe4 Qd6 19. Qe8+ Qf8 20. Rae1 h6 21. Qxf8+ Kxf8 22. Bb5 c6 23. dxc6 Nf6 24. Re2 a6 25. c7 Bf5 26. Rd1 axb5 27. Rd8+ 1-0